| 000 | 00601nam a2200193 a 4500 | ||
|---|---|---|---|
| 003 | PILC | ||
| 005 | 20160216104603.0 | ||
| 008 | 091116s19uu xx 00 eng d | ||
| 020 | _a9781405177108 | ||
| 050 |
_aBF 81 _b.H58 2009 |
||
| 245 |
_aA history of psychology original sources and contemporary research / _cedited by Ludy T. Benjamin, Jr. |
||
| 250 | _a3rd edition. | ||
| 260 |
_aAustralia : _bBlackwell Publishing, _c2009. |
||
| 300 |
_a427 pages ; _c25 cm. |
||
| 500 | _aIncludes bibliographical references and index. | ||
| 650 | _aPsychology. | ||
| 942 |
_cBK _2lcc _kFOR |
||
| 999 |
_c23662 _d23662 |
||